[Event "IRI-ch U12"]
[Site "Chess.com INT"]
[Date "2021.01.16"]
[Round "3"]
[White "Eslami, Ali"]
[Black "Safarnezhad, Armin"]
[Result "0-1"]
[WhiteElo "1237"]
[BlackElo "1576"]
[PlyCount "140"]
[EventDate "2021.01.16"]
[EventType "swiss"]
[EventRounds "11"]
[EventCountry "IRI"]
[SourceTitle "EXT 2022"]
[Source "ChessBase"]
[SourceDate "2021.10.06"]
[SourceVersion "1"]
[SourceVersionDate "2021.10.06"]
[SourceQuality "1"]

1. e4 c5 2. d4 cxd4 3. c3 Nf6 4. e5 Nd5 5. Nf3 Nc6 6. Bc4 Nb6 7. Bb3 d6 8. exd6 Qxd6 9. cxd4 Be6 10. Be3 Bxb3 11. Qxb3 e6 12. Nbd2 Be7 13. 0-0 0-0 14. Ne4 Qd5 15. Qxd5 Nxd5 16. Bd2 Rfd8 17. Nc3 a6 18. a3 Bf6 19. Be3 Rac8 20. Ne4 Be7 21. Rad1 Na5 22. Bd2 Nc4 23. Rb1 Nxd2 24. Nexd2 Rc2 25. Rfc1 Rdc8 26. Rxc2 Rxc2 27. Nb3 h6 28. Ne1 Rc4 29. Nf3 Bf6 30. Nbd2 Rc2 31. Ne4 Be7 32. g3 a5 33. Ne1 Rc8 34. Kg2 b5 35. Nf3 b4 36. a4 Nb6 37. b3 Nd5 38. h4 Rc2 39. Ned2 Nb6 40. Rd1 Bf6 41. Ne4 Nd5 42. Nc5 Ne3+ 43. Kh3 Nxd1 44. Ne1 Nxf2+ 45. Kg2 Ra2 46. Kf3 Bxd4 47. Nb7 Bb6 48. Ng2 Nd3 49. Ne3 Ne1+ 50. Ke4 Re2 51. Nd6 Rxe3+ 52. Kf4 Ng2+ 53. Kg4 Rd3 54. Nc4 Bc7 55. Kh3 Rxg3+ 56. Kh2 Rc3+ 57. Kxg2 Rxc4 58. bxc4 b3 59. c5 b2 60. h5 b1Q 61. c6 Qe4+ 62. Kf2 Bb6+ 63. Kf1 Qf3+ 64. Ke1 Qe3+ 65. Kd1 Qd3+ 66. Kc1 Be3+ 67. Kb2 Qd2+ 68. Kb3 Qb4+ 69. Ka2 Bd4 70. c7 Qb2# 0-1

[Event "IRI-ch U12"]
[Site "Chess.com INT"]
[Date "2021.01.16"]
[Round "11"]
[White "Khavand, Parsa"]
[Black "Safarnezhad, Armin"]
[Result "0-1"]
[WhiteElo "1341"]
[BlackElo "1576"]
[PlyCount "140"]
[EventDate "2021.01.16"]
[EventType "swiss"]
[EventRounds "11"]
[EventCountry "IRI"]
[SourceTitle "EXT 2022"]
[Source "ChessBase"]
[SourceDate "2021.10.06"]
[SourceVersion "1"]
[SourceVersionDate "2021.10.06"]
[SourceQuality "1"]

1. e4 c5 2. Nf3 e6 3. d4 cxd4 4. Nxd4 a6 5. Nc3 Qc7 6. Be3 b5 7. a3 Bb7 8. Bd3 Nf6 9. f3 d5 10. exd5 Nxd5 11. Nxd5 Bxd5 12. Qd2 Bd6 13. f4 0-0 14. 0-0-0 Qe7 15. f5 Bxa3 16. fxe6 fxe6 17. Rhf1 Rxf1 18. Rxf1 Bd6 19. g3 Nc6 20. Nxc6 Bxc6 21. Qe2 e5 22. Qg4 e4 23. Be2 Bd7 24. Qh5 Rc8 25. Bd4 Be6 26. Bg4 g6 27. Qh4 Bxg4 28. Qxg4 Re8 29. Qe2 Bc5 30. Be3 a5 31. Re1 b4 32. Qc4+ Kg7 33. Qxc5 Qd8 34. Qd4+ Qxd4 35. Bxd4+ Kg8 36. Bb6 a4 37. Kb1 a3 38. bxa3 bxa3 39. Bc5 Rb8+ 40. Ka2 Rb2+ 41. Kxa3 Rxc2 42. Bb4 Rxh2 43. Rxe4 Rg2 44. Bd6 Kg7 45. Kb3 g5 46. Kc3 Kg6 47. Kd3 h5 48. Ke3 Kf5 49. Re5+ Kf6 50. Re4 Kf5 51. Re8 Kg4 52. Re4+ Kh3 53. Kf3 g4+ 54. Ke3 h4 55. gxh4 Kxh4 56. Be7+ Kh3 57. Bd6 Kh4 58. Be7+ Kh3 59. Bg5 Rg3+ 60. Ke2 Rg2+ 61. Kf1 Ra2 62. Re3+ g3 63. Bf4 Rf2+ 64. Ke1 Rxf4 65. Rd3 Kh2 66. Rd2+ g2 67. Re2 Kh1 68. Kd2 g1Q 69. Re1 Rf1 70. Rxf1 Qxf1 0-1

[Event "IRI-ch U12"]
[Site "Chess.com INT"]
[Date "2021.01.16"]
[Round "6"]
[White "Safarnezhad, Armin"]
[Black "Ghaffarifar, Emad"]
[Result "1/2-1/2"]
[WhiteElo "1576"]
[BlackElo "1377"]
[PlyCount "163"]
[EventDate "2021.01.16"]
[EventType "swiss"]
[EventRounds "11"]
[EventCountry "IRI"]
[SourceTitle "EXT 2022"]
[Source "ChessBase"]
[SourceDate "2021.10.06"]
[SourceVersion "1"]
[SourceVersionDate "2021.10.06"]
[SourceQuality "1"]

1. e4 e6 2. d4 d5 3. Nc3 Nf6 4. e5 Nfd7 5. f4 c5 6. Nf3 Nc6 7. Be3 a6 8. Be2 Be7 9. 0-0 0-0 10. Kh1 cxd4 11. Nxd4 Nxd4 12. Bxd4 Bc5 13. Bf3 Bxd4 14. Qxd4 b5 15. a4 bxa4 16. Nxa4 Rb8 17. f5 Qc7 18. fxe6 fxe6 19. Rae1 Qxc2 20. Rf2 Qc4 21. Qxc4 dxc4 22. Rc2 Bb7 23. Bxb7 Rxb7 24. Rxc4 Nxe5 25. Rce4 Nd3 26. Rxe6 Nxe1 27. Rxe1 Rbf7 28. Kg1 Rc7 29. Nc3 Rb7 30. Re2 Rfb8 31. Nd1 Kf7 32. Kf2 Kf6 33. h3 a5 34. g3 Re7 35. Rc2 Reb7 36. Kg2 Rd8 37. Ne3 Rbd7 38. Kf3 Rd2 39. Rc6+ R8d6 40. Rc5 R2d3 41. Ke4 R6d4+ 42. Kf3 Rb3 43. Rxa5 Rdd3 44. Ra6+ Ke7 45. Ra7+ Kd6 46. Ra6+ Kd7 47. Ra7+ Kd6 48. Ra6+ Ke5 49. Ra5+ Kf6 50. Ra6+ Kf7 51. Ra7+ Kg6 52. Ra6+ Kf7 53. Ra7+ Ke6 54. Ra6+ Kd7 55. Ra7+ Kc6 56. Ra6+ Rb6 57. Ra4 Rxb2 58. Re4 Rbb3 59. Kf4 Kd7 60. Re5 Rd4+ 61. Kf5 Rdd3 62. Kf4 Rb4+ 63. Kf3 g6 64. Ra5 Rbb3 65. Re5 Kd6 66. Re8 Kc5 67. Re4 Kd6 68. Re8 h5 69. Re4 g5 70. g4 h4 71. Re8 Rxe3+ 72. Rxe3 Rxe3+ 73. Kxe3 Ke5 74. Kf3 Kd4 75. Kf2 Ke4 76. Ke2 Kf4 77. Kf2 Ke4 78. Ke2 Kd4 79. Kd2 Kd5 80. Kd3 Ke5 81. Ke3 Kd5 82. Kd3 1/2-1/2

[Event "IRI-ch U12"]
[Site "Chess.com INT"]
[Date "2021.01.16"]
[Round "4"]
[White "Safarnezhad, Armin"]
[Black "Riazi, Yasin"]
[Result "1-0"]
[WhiteElo "1576"]
[BlackElo "1306"]
[PlyCount "65"]
[EventDate "2021.01.16"]
[EventType "swiss"]
[EventRounds "11"]
[EventCountry "IRI"]
[SourceTitle "EXT 2022"]
[Source "ChessBase"]
[SourceDate "2021.10.06"]
[SourceVersion "1"]
[SourceVersionDate "2021.10.06"]
[SourceQuality "1"]

1. e4 c5 2. Nf3 Nc6 3. d4 cxd4 4. Nxd4 Nf6 5. Nc3 e5 6. Nb3 Bb4 7. Bd3 d5 8. exd5 Nxd5 9. Bd2 Nxc3 10. bxc3 Be7 11. 0-0 0-0 12. Be3 Be6 13. Nc5 Bxc5 14. Bxc5 Re8 15. Qe2 Qa5 16. Qe3 f5 17. Bb4 Nxb4 18. cxb4 Qc7 19. f3 Rad8 20. Rfe1 Bd7 21. Qxa7 g6 22. Qe3 Bc6 23. Bc4+ Kg7 24. Bf1 Rd4 25. c3 Rh4 26. g3 Rh6 27. b5 f4 28. gxf4 exf4 29. Qd4+ Kf8 30. bxc6 Rxe1 31. Rxe1 Qa5 32. Qf6+ Kg8 33. Re8# 1-0

[Event "IRI-ch U12"]
[Site "Chess.com INT"]
[Date "2021.01.16"]
[Round "9"]
[White "Safarnezhad, Armin"]
[Black "Safdarian, Saman"]
[Result "0-1"]
[WhiteElo "1576"]
[BlackElo "1379"]
[PlyCount "120"]
[EventDate "2021.01.16"]
[EventType "swiss"]
[EventRounds "11"]
[EventCountry "IRI"]
[SourceTitle "EXT 2022"]
[Source "ChessBase"]
[SourceDate "2021.10.06"]
[SourceVersion "1"]
[SourceVersionDate "2021.10.06"]
[SourceQuality "1"]

1. e4 c5 2. Nf3 e6 3. d4 cxd4 4. Nxd4 Bc5 5. Nc3 Nc6 6. Be3 Qb6 7. Na4 Qa5+ 8. c3 Bxd4 9. Bxd4 Nxd4 10. Qxd4 e5 11. Qb4 Qxb4 12. cxb4 Nf6 13. Nc3 d6 14. Bb5+ Ke7 15. 0-0 Be6 16. Rad1 a6 17. Be2 b5 18. Rd2 Rhd8 19. Rfd1 Ra7 20. g3 Rad7 21. Bf3 g5 22. Bg2 h5 23. h3 Rc8 24. Bf1 Rh8 25. Re1 Rhd8 26. Bg2 Rc7 27. Bf1 Nd7 28. a4 bxa4 29. Bxa6 Nb6 30. Rc2 Bb3 31. Rcc1 h4 32. g4 f6 33. Bf1 Ke6 34. Be2 Rdc8 35. Bd3 Nc4 36. Nd5 Rc6 37. Re2 Nb6 38. Rxc6 Rxc6 39. Nxb6 Rxb6 40. b5 d5 41. exd5+ Kxd5 42. Rd2 Kc5 43. Bf1 Kb4 44. Re2 Rd6 45. Re4+ Ka5 46. Re1 Rd2 47. Re2 Rd1 48. Re4 Bd5 49. Re3 Bc4 50. Rf3 Rxf1+ 51. Kh2 Bd5 52. b4+ Kb6 53. Rxf6+ Kxb5 54. Rf3 Rh1+ 55. Kxh1 Bxf3+ 56. Kh2 a3 57. Kg1 a2 58. Kh2 Kxb4 59. Kg1 a1Q+ 60. Kh2 Qh1# 0-1